The Bengal renaissance : (Record no. 64325)
[ view plain ]
| 000 -LEADER | |
|---|---|
| fixed length control field | 01884nam a22003377a 4500 |
| 005 - DATE AND TIME OF LATEST TRANSACTION | |
| control field | 20100816155246.0 |
| 010 ## - LCCN (DPL NO) | |
| LC control number | B-447105-109 |
| 020 ## - INTERNATIONAL STANDARD BOOK NUMBER | |
| Terms of availability | 295.00 |
| International Standard Book Number | 8178242796 |
| 020 ## - INTERNATIONAL STANDARD BOOK NUMBER | |
| Terms of availability | 295.00 |
| International Standard Book Number | 9788178242798 |
| 035 ## - SYSTEM CONTROL NUMBER | |
| System control number | B-447105-109 |
| 037 ## - SOURCE OF ACQUISITION | |
| Source of stock number/acquisition | BPPD/KKP |
| 082 ## - DEWEY DECIMAL CLASSIFICATION NUMBER | |
| Classification number | 954.08 |
| 100 ## - MAIN ENTRY--PERSONAL NAME | |
| Personal name | Dasgupta, Subrata |
| 245 ## - TITLE STATEMENT | |
| Title | The Bengal renaissance : |
| Statement of responsibility, etc | by Subrata Dasgupta |
| Remainder of title | identity and creativity from Rammohan Roy to Rabindranath Tagore / |
| 260 ## - PUBLICATION, DISTRIBUTION, ETC. (IMPRINT) | |
| Date of publication, distribution, etc | 2010 |
| Place of publication, distribution, etc | Ranikhet |
| Name of publisher, distributor, etc | Permanent Black |
| 270 ## - ADDRESS | |
| Address | 'Himalayana', Mall Road, |
| City | Ranikhet |
| Postal code | 263645 |
| 300 ## - PHYSICAL DESCRIPTION | |
| Extent | 280p. |
| Dimensions | 20cm (pbk) |
| 500 ## - GENERAL NOTE | |
| General note | includes bibliographical references and index |
| 650 ## - SUBJECT ADDED ENTRY--TOPICAL TERM | |
| Topical term or geographic name as entry element | India |
| Geographic subdivision | Bengal |
| 650 ## - SUBJECT ADDED ENTRY--TOPICAL TERM | |
| Topical term or geographic name as entry element | Intellectual life |
| 650 ## - SUBJECT ADDED ENTRY--TOPICAL TERM | |
| Topical term or geographic name as entry element | Social evaluation |
| 700 ## - ADDED ENTRY--PERSONAL NAME | |
| 9 (RLIN) | 14065 |
| 700 ## - ADDED ENTRY--PERSONAL NAME | |
| 9 (RLIN) | 14031 |
| 942 ## - ADDED ENTRY ELEMENTS (KOHA) | |
| Source of classification or shelving scheme | Dewey Decimal Classification |
| Item type | English Books |
| Call number suffix | DAS |
| Call number prefix | 954.08 |
| Withdrawn status | Lost status | Not for loan | Collection code | Home library | Current library | Date acquired | Source of acquisition | Cost, normal purchase price | Full call number | Barcode | Copy number | Cost, replacement price | Koha item type |
|---|---|---|---|---|---|---|---|---|---|---|---|---|---|
| Non-fiction | Bawana | Bawana | 30/03/2012 | KKP/22/23.9.11/BL1318/23.9.11/9.11.11 | 295.00 | 954.08 DAS | B-447108 | 1 | 295.00 | English Books | |||
| Non-fiction | Central Library | Central Library | 30/03/2012 | KKP/22/23.9.11/BL1318/23.9.11/9.11.11 | 295.00 | 954.08 DAS | B-447105 | 1 | 295.00 | English Books | |||
| Non-fiction | Patel Nagar | Patel Nagar | 30/03/2012 | KKP/22/23.9.11/BL1318/23.9.11/9.11.11 | 295.00 | 954.08 DAS | B-447106 | 1 | 295.00 | English Books | |||
| Non-fiction | Sarojini Nagar | Sarojini Nagar | 30/03/2012 | KKP/22/23.9.11/BL1318/23.9.11/9.11.11 | 295.00 | 954.08 DAS | B-447107 | 1 | 295.00 | English Books | |||
| Non-fiction | Shahdara Branch | Shahdara Branch | 30/03/2012 | KKP/22/23.9.11/BL1318/23.9.11/9.11.11 | 295.00 | 954.08 DAS | B-447109 | 1 | 295.00 | English Books |
